000 00310nam a2200121Ia 4500
008 240624s9999 xx 000 0 und d
041 _aeng
082 _a658.4063 GAL
100 _aGALLO CARMINE
245 _aINNOVATION SECRETS OF STEVE JOB
260 _c2014
_aNew delhi
_bTata McGraw - Hill
365 _cRS
_b33
999 _c26011
_d26011